[Event "Verbandsliga Nordbaden 1819"]
[Site "Baden"]
[Date "2019.03.31"]
[Round "8.6"]
[White "Pfleger, Juergen"]
[Black "Mueller, Erich"]
[Result "1-0"]
[WhiteElo "1881"]
[BlackElo "2125"]
[PlyCount "87"]
[EventDate "2018.10.14"]
[EventType "team-tourn"]
[EventRounds "9"]
[EventCountry "GER"]
[SourceTitle "EXT 2020"]
[Source "ChessBase"]
[SourceDate "2019.10.17"]
[SourceVersion "1"]
[SourceVersionDate "2019.10.17"]
[SourceQuality "1"]
[WhiteTeam "Bad Mergentheim II"]
[BlackTeam "Ladenburg"]
[WhiteTeamCountry "GER"]
[BlackTeamCountry "GER"]

1. c4 Nf6 2. Nf3 d6 3. g3 g6 4. Bg2 Bg7 5. d4 0-0 6. 0-0 Nbd7 7. Nc3 e5 8. e3 c6 9. Qc2 Re8 10. Rd1 Qc7 11. b3 e4 12. Ne1 d5 13. cxd5 cxd5 14. Nxe4 Qb6 15. Nc3 Qe6 16. Nb5 Rb8 17. Nc7 Qd6 18. Nxe8 Nxe8 19. e4 Qb6 20. Bf4 Ra8 21. e5 Qe6 22. Nd3 Nb6 23. Rac1 Bf8 24. Bd2 Qg4 25. h3 Qd7 26. Nc5 Qd8 27. Ba5 Ng7 28. Re1 Bf5 29. Qe2 Qe7 30. g4 Be6 31. Nxe6 Nxe6 32. Qd2 Qh4 33. f4 Rc8 34. Rxc8 Nxc8 35. Qe3 b6 36. Rc1 Ne7 37. Bb4 g5 38. Bxe7 Bxe7 39. Rc8+ Bf8 40. f5 Nf4 41. e6 Kg7 42. e7 Nxh3+ 43. Bxh3 Bxe7 44. Kg2 1-0

[Event "Verbandsliga Nordbaden 1718"]
[Site "Baden"]
[Date "2018.02.18"]
[Round "6.8"]
[White "Pfleger, Juergen"]
[Black "Malheur, Fabian"]
[Result "1-0"]
[WhiteElo "1881"]
[BlackElo "2012"]
[PlyCount "107"]
[EventDate "2017.10.08"]
[EventType "team-tourn"]
[EventRounds "9"]
[EventCountry "GER"]
[SourceTitle "EXT 2019"]
[Source "ChessBase"]
[SourceDate "2018.10.10"]
[SourceVersion "1"]
[SourceVersionDate "2018.10.10"]
[SourceQuality "1"]
[WhiteTeam "Bad Mergentheim II"]
[BlackTeam "Birkenfeld"]
[WhiteTeamCountry "GER"]
[BlackTeamCountry "GER"]

1. c4 f5 2. d4 Nf6 3. Nc3 e6 4. Nf3 d5 5. e3 c6 6. Be2 Bd6 7. b3 Nbd7 8. Bb2 0-0 9. Nd2 Ne4 10. g3 Ndf6 11. 0-0 b6 12. a3 Bb7 13. f3 Nxc3 14. Bxc3 Qe8 15. Qc2 Qg6 16. Rf2 h5 17. Nf1 h4 18. Bd3 hxg3 19. hxg3 Nh7 20. Rg2 Ng5 21. f4 Nh3+ 22. Kh1 dxc4 23. Bxc4 c5 24. Qd2 cxd4 25. Bxd4 Bxg2+ 26. Kxg2 Qh6 27. Bxg7 Kxg7 28. Qxd6 Qf6 29. Rd1 Kg6 30. Qxe6 Qxe6 31. Bxe6 Rh8 32. Rd6 Kf6 33. Rc6 Rad8 34. Bd7+ Ke7 35. Bxf5 Nxf4+ 36. exf4 Rd1 37. Ne3 Rd2+ 38. Kf3 Rb2 39. Nd5+ Kf7 40. Rc7+ Kf8 41. b4 Rb3+ 42. Rc3 Rxc3+ 43. Nxc3 Ke7 44. a4 Kf6 45. Be4 Rc8 46. Nd5+ Kf7 47. g4 Rc4 48. g5 a5 49. bxa5 bxa5 50. g6+ Kg7 51. f5 Rxa4 52. f6+ Kf8 53. g7+ Kf7 54. Bg6+ 1-0

[Event "Verbandsliga Nordbaden 1718"]
[Site "Baden"]
[Date "2018.01.28"]
[Round "5.7"]
[White "Pfleger, Juergen"]
[Black "Schwingen, Dominik"]
[Result "1/2-1/2"]
[WhiteElo "1881"]
[BlackElo "1920"]
[PlyCount "27"]
[EventDate "2017.10.08"]
[EventType "team-tourn"]
[EventRounds "9"]
[EventCountry "GER"]
[SourceTitle "EXT 2019"]
[Source "ChessBase"]
[SourceDate "2018.10.10"]
[SourceVersion "1"]
[SourceVersionDate "2018.10.10"]
[SourceQuality "1"]
[WhiteTeam "Bad Mergentheim II"]
[BlackTeam "Ettlingen II"]
[WhiteTeamCountry "GER"]
[BlackTeamCountry "GER"]

1. c4 e6 2. Nf3 d5 3. d4 Nf6 4. g3 Bd6 5. Bg2 c6 6. Qc2 Nbd7 7. 0-0 0-0 8. Nc3 Re8 9. Re1 dxc4 10. Bg5 Qc7 11. Nd2 h6 12. Bxf6 Nxf6 13. Nxc4 e5 14. Nxd6 1/2-1/2

[Event "Verbandsliga Nordbaden 1516"]
[Site "Baden"]
[Date "2015.10.25"]
[Round "2.7"]
[White "Horata, Hakan"]
[Black "Pfleger, Juergen"]
[Result "1/2-1/2"]
[WhiteElo "1922"]
[BlackElo "1881"]
[PlyCount "88"]
[EventDate "2015.09.27"]
[EventType "team-tourn"]
[EventRounds "9"]
[EventCountry "GER"]
[SourceTitle "EXT 2022"]
[Source "ChessBase"]
[SourceDate "2021.10.06"]
[SourceVersion "1"]
[SourceVersionDate "2021.10.06"]
[SourceQuality "1"]
[WhiteTeam "Viernheim II"]
[BlackTeam "Bad Mergentheim II"]
[WhiteTeamCountry "GER"]
[BlackTeamCountry "GER"]

1. e4 d5 2. exd5 Qxd5 3. Nc3 Qd6 4. d4 Nf6 5. Nf3 c6 6. h3 h6 7. Bd3 e6 8. Qe2 Nbd7 9. Bd2 Be7 10. g4 Nd5 11. Ne5 Nb4 12. Nf3 Nxd3+ 13. Qxd3 Nf6 14. 0-0-0 b6 15. Ne5 Qc7 16. f4 a5 17. g5 Nd7 18. Ng6 Rg8 19. Nxe7 Kxe7 20. Rde1 hxg5 21. d5 gxf4 22. dxe6 fxe6 23. Qf5 Nf6 24. Bxf4 Qd8 25. Rhg1 Ra7 26. Qg5 Ke8 27. Qg6+ Rf7 28. Bg5 Rgf8 29. Ne4 Qc7 30. Rd1 Nxe4 31. Rd8+ Qxd8 32. Bxd8 Kxd8 33. Qxe4 Rf1+ 34. Rxf1 Rxf1+ 35. Kd2 Bd7 36. b3 Rf5 37. Kc3 g5 38. Kb2 Kc7 39. Qd3 Rd5 40. Qg3+ Kc8 41. a3 Rf5 42. Qe3 Kc7 43. b4 axb4 44. axb4 b5 1/2-1/2

[Event "GER-ch Net qual4 U18"]
[Site "Playchess.com INT"]
[Date "2012.09.12"]
[Round "6"]
[White "Wiesner, Paula"]
[Black "Pfleger, Juergen"]
[Result "1-0"]
[WhiteElo "1662"]
[BlackElo "1935"]
[PlyCount "61"]
[EventDate "2012.09.12"]
[EventType "swiss (blitz)"]
[EventRounds "7"]
[EventCountry "GER"]
[SourceTitle "CBM 150 Extra"]
[Source "ChessBase"]
[SourceDate "2012.10.19"]
[SourceVersion "1"]
[SourceVersionDate "2012.10.19"]
[SourceQuality "1"]

1. d4 d5 2. c4 Nc6 3. cxd5 Qxd5 4. Nf3 e5 5. dxe5 Qxd1+ 6. Kxd1 Bg4 7. Bf4 Nge7 8. Nc3 Ng6 9. Bg3 0-0-0+ 10. Kc2 Bb4 11. e4 Rhe8 12. Bb5 Nge7 13. h3 Bh5 14. Rad1 a6 15. Ba4 Ng6 16. Nd5 b5 17. Bb3 Ngxe5 18. Nxe5 Bxd1+ 19. Rxd1 Nxe5 20. Nxb4 Rxd1 21. Kxd1 Rd8+ 22. Kc2 f6 23. Nxa6 Kb7 24. Nc5+ Kc6 25. Ne6 Rd7 26. Bd5+ Kd6 27. f4 Nc4 28. Bf2 Rf7 29. Bc5+ Kd7 30. Nf8+ Ke8 31. Bxf7+ 1-0

[Event "GER-ch Net qual3 U18"]
[Site "Playchess.com INT"]
[Date "2012.09.08"]
[Round "1"]
[White "Hartewig, Anja"]
[Black "Pfleger, Juergen"]
[Result "0-1"]
[WhiteElo "1531"]
[BlackElo "2028"]
[PlyCount "142"]
[EventDate "2012.09.08"]
[EventType "swiss (blitz)"]
[EventRounds "7"]
[EventCountry "GER"]
[SourceTitle "CBM 150 Extra"]
[Source "ChessBase"]
[SourceDate "2012.10.19"]
[SourceVersion "1"]
[SourceVersionDate "2012.10.19"]
[SourceQuality "1"]

1. d4 d5 2. c4 Nc6 3. Nf3 Bg4 4. Ne5 Nxe5 5. dxe5 d4 6. h3 Bf5 7. g4 Bg6 8. Bg2 c6 9. 0-0 e6 10. Nd2 Qc7 11. Nf3 Rd8 12. Qb3 Bc5 13. Bf4 Ne7 14. Rad1 0-0 15. h4 h6 16. g5 hxg5 17. hxg5 Nf5 18. Bh3 Rd7 19. Kg2 Rfd8 20. Rh1 Kf8 21. Bg4 Ke7 22. Nh4 Nxh4+ 23. Rxh4 Qb6 24. Qxb6 Bxb6 25. Rh3 d3 26. e3 d2 27. Rhh1 Be4+ 28. Bf3 Bc2 29. Ra1 d1Q 30. Bxd1 Rxd1 31. Rhxd1 Rxd1 32. Rxd1 Bxd1 33. Kf1 Bf3 34. Ke1 Ba5+ 35. Kf1 Kd7 36. Kg1 Kc7 37. Kh2 Kb6 38. Kg3 Bh5 39. e4 Kc5 40. b3 Bc3 41. f3 Kb4 42. Bc1 Bxe5+ 43. Kf2 Bd4+ 44. Ke2 a5 45. Kd2 Bxf3 46. Kd3 Be5 47. Ke3 Bh5 48. Kd3 a4 49. bxa4 Kxa4 50. Kc2 Bf3 51. Kd3 Kb4 52. a3+ Kb3 53. Ke3 Bh5 54. Kd3 Bb2 55. Bxb2 Kxb2 56. Kd4 Kxa3 57. Kc5 Bg6 58. e5 Bd3 59. Kb6 Bxc4 60. Kxb7 Bd5 61. Kc7 c5 62. Kd6 c4 63. Ke7 c3 64. Kxf7 c2 65. Kxg7 c1Q 66. g6 Qc7+ 67. Kh6 Qxe5 68. g7 Qf6+ 69. Kh7 Qh4+ 70. Kg8 e5+ 71. Kf8 Qd8# 0-1

[Event "GER-ch Net qual3 U18"]
[Site "Playchess.com INT"]
[Date "2012.09.08"]
[Round "6"]
[White "Pfleger, Juergen"]
[Black "Hahn, Markus"]
[Result "1/2-1/2"]
[WhiteElo "1985"]
[BlackElo "2004"]
[PlyCount "143"]
[EventDate "2012.09.08"]
[EventType "swiss (blitz)"]
[EventRounds "7"]
[EventCountry "GER"]
[SourceTitle "CBM 150 Extra"]
[Source "ChessBase"]
[SourceDate "2012.10.19"]
[SourceVersion "1"]
[SourceVersionDate "2012.10.19"]
[SourceQuality "1"]

1. c4 b6 2. d4 Nf6 3. Nc3 e6 4. e4 Bb4 5. f3 c5 6. d5 0-0 7. Bd2 Ba6 8. Bd3 exd5 9. exd5 Re8+ 10. Nge2 d6 11. 0-0 Nbd7 12. a3 Bxc3 13. Bxc3 Ne5 14. Bxe5 Rxe5 15. Ng3 Qd7 16. Ne4 Nxe4 17. fxe4 Rae8 18. Qf3 Bc8 19. b4 R8e7 20. bxc5 bxc5 21. Rab1 f6 22. Rb3 Ba6 23. Rfb1 Qa4 24. Rb8+ Re8 25. Rxe8+ Rxe8 26. Qh5 Rf8 27. Qd1 Qxd1+ 28. Rxd1 Rb8 29. Bf1 Rb3 30. Ra1 Kf7 31. Kf2 Ke7 32. Ke1 Re3+ 33. Kd2 Rxe4 34. Kd3 Rxc4 35. Ke3 Ra4 36. Bxa6 Rxa6 37. g4 Ra4 38. h3 Kd7 39. Kf2 a5 40. Rb1 Ke7 41. Rb7+ Kf8 42. Rd7 Rxa3 43. Rxd6 Rxh3 44. Ra6 Rd3 45. d6 Kf7 46. Ke2 Rd5 47. Rxa5 Rxd6 48. Rxc5 Kg6 49. Kf3 Rd4 50. Rc7 Rd5 51. Kf4 h5 52. gxh5+ Rxh5 53. Kg4 Rd5 54. Rc4 Ra5 55. Rb4 Ra7 56. Rb5 Kf7 57. Kf5 g6+ 58. Kf4 Ra4+ 59. Kg3 g5 60. Rb6 Kg6 61. Kf3 Ra5 62. Kg3 Kf5 63. Kf3 Ra3+ 64. Kg2 Kg6 65. Kf2 g4 66. Kg2 Kg5 67. Rb5+ f5 68. Kf2 Kf4 69. Rb4+ Kg5 70. Rb5 Ra4 71. Kg3 Ra3+ 72. Kf2 1/2-1/2

[Event "GER-ch Net qual2 U18"]
[Site "Playchess.com INT"]
[Date "2012.09.05"]
[Round "7"]
[White "Goebel, Constantin"]
[Black "Pfleger, Juergen"]
[Result "1-0"]
[WhiteElo "2170"]
[BlackElo "2038"]
[PlyCount "65"]
[EventDate "2012.09.05"]
[EventType "swiss (blitz)"]
[EventRounds "7"]
[EventCountry "GER"]
[SourceTitle "CBM 150 Extra"]
[Source "ChessBase"]
[SourceDate "2012.10.19"]
[SourceVersion "1"]
[SourceVersionDate "2012.10.19"]
[SourceQuality "1"]

1. e4 d5 2. exd5 Qxd5 3. Nc3 Qd6 4. d4 Nf6 5. Nf3 c6 6. Be2 Bf5 7. g3 e6 8. a3 Qc7 9. Bf4 Bd6 10. Ne5 Nbd7 11. Nxd7 Qxd7 12. Qd2 Qc7 13. Bxd6 Qxd6 14. 0-0-0 0-0-0 15. h3 h6 16. g4 Bh7 17. Rhe1 Qh2 18. Qe3 Rhe8 19. f4 Nd5 20. Nxd5 exd5 21. Qf3 Be4 22. Qf1 Bg2 23. Qf2 Qxh3 24. g5 Be4 25. Rg1 Kb8 26. Bg4 Qe3+ 27. Qxe3 Bxc2 28. Qg3 Bxd1 29. Rxd1 Re4 30. f5+ Ka8 31. f6 gxf6 32. gxh6 Rh8 33. Rh1 1-0

[Event "GER-ch Net qual2 U18"]
[Site "Playchess.com INT"]
[Date "2012.09.05"]
[Round "6"]
[White "Pfleger, Juergen"]
[Black "Schroeder, Jan Christian"]
[Result "1-0"]
[WhiteElo "2015"]
[BlackElo "2171"]
[PlyCount "107"]
[EventDate "2012.09.05"]
[EventType "swiss (blitz)"]
[EventRounds "7"]
[EventCountry "GER"]
[SourceTitle "CBM 150 Extra"]
[Source "ChessBase"]
[SourceDate "2012.10.19"]
[SourceVersion "1"]
[SourceVersionDate "2012.10.19"]
[SourceQuality "1"]

1. c4 b6 2. d4 Bb7 3. d5 e6 4. e4 f5 5. exf5 exf5 6. Nc3 Nf6 7. g3 Bc5 8. Bg2 0-0 9. Nge2 d6 10. 0-0 Nbd7 11. Nd4 Bxd4 12. Qxd4 Nc5 13. Re1 Bc8 14. Bg5 Bd7 15. Ne2 h6 16. Bxf6 Qxf6 17. Qxf6 Rxf6 18. Nd4 Rff8 19. Re7 Rf7 20. Rae1 Nd3 21. Rxf7 Kxf7 22. Re2 Ne5 23. b3 Re8 24. f4 Nd3 25. Rxe8 Kxe8 26. Bh3 g6 27. Kf1 Kf7 28. a3 Kf6 29. Ke2 Nc5 30. Bg2 a5 31. Ke3 g5 32. b4 axb4 33. axb4 Na6 34. b5 Nc5 35. Nf3 Be8 36. Nd4 Bh5 37. Bh3 Bg6 38. Nc6 gxf4+ 39. gxf4 Bh5 40. Nd4 Bg4 41. Bg2 h5 42. Nc6 h4 43. Nb8 Ke7 44. Nc6+ Kf7 45. Nb4 Ke8 46. Nc6 Bd1 47. Nd4 Bb3 48. Bf1 Ba2 49. Nxf5 Na4 50. Nxh4 Nb2 51. Kd4 Ke7 52. Nf3 Kf6 53. Nd2 Nd1 54. Bd3 1-0

[Event "Verbandsliga Nord Baden 1112"]
[Site "Germany"]
[Date "2012.04.29"]
[Round "9.7"]
[White "Pfleger, Juergen"]
[Black "Rehl, Danny"]
[Result "1-0"]
[WhiteElo "1874"]
[BlackElo "2197"]
[PlyCount "183"]
[EventDate "2011.10.09"]
[EventType "team-tourn"]
[EventRounds "9"]
[EventCountry "GER"]
[SourceTitle "EXT 2013"]
[Source "ChessBase"]
[SourceDate "2012.11.22"]
[SourceVersion "1"]
[SourceVersionDate "2012.11.22"]
[SourceQuality "1"]
[WhiteTeam "Bad Mergentheim II"]
[BlackTeam "Leimen"]
[WhiteTeamCountry "GER"]
[BlackTeamCountry "GER"]

1. c4 d6 2. d4 e5 3. dxe5 dxe5 4. Qxd8+ Kxd8 5. Nf3 f6 6. Nc3 c6 7. g3 Be6 8. b3 Kc7 9. Bg2 Na6 10. 0-0 Rd8 11. Ne4 Nc5 12. Nfd2 Nxe4 13. Nxe4 Ne7 14. Be3 Nf5 15. Bxa7 Ba3 16. Nc5 Bc8 17. Na4 Rd2 18. e3 Nd6 19. Rfd1 Rxd1+ 20. Rxd1 Bg4 21. Bb6+ Kc8 22. Rd2 Bb4 23. Rc2 Bf5 24. Rc1 Kd7 25. Nc5+ Ke7 26. e4 Bg4 27. f3 Nc8 28. Nd3 Nxb6 29. Nxb4 Bc8 30. Rd1 g6 31. Kf2 Rf8 32. Ke3 Nd7 33. Nd3 Rf7 34. b4 Nf8 35. Nc5 Ne6 36. Nxe6 Bxe6 37. Bf1 Rf8 38. a4 b6 39. Ra1 Ra8 40. Kd2 Kd6 41. Kc3 c5 42. Bd3 Bd7 43. Bc2 Be6 44. Rb1 Bd7 45. Rd1+ Kc7 46. bxc5 bxc5 47. Ra1 Ra5 48. h4 Bc6 49. f4 Kd6 50. Rd1+ Ke6 51. Ra1 h6 52. Rb1 Ra6 53. Ra1 Ra5 54. Rb1 exf4 55. gxf4 Ra6 56. Ra1 g5 57. hxg5 fxg5 58. Rh1 gxf4 59. Rxh6+ Ke5 60. Rh5+ Ke6 61. Rxc5 Bxa4 62. Bxa4 Rxa4 63. Rf5 Ra3+ 64. Kd4 Rf3 65. c5 Rf1 66. Rh5 Rd1+ 67. Kc3 f3 68. Rf5 Rc1+ 69. Kd2 Rc4 70. Kd3 Rc1 71. Kd2 Rc4 72. Kd3 Rc1 73. Kd4 Rd1+ 74. Ke3 Rc1 75. Kxf3 Rc3+ 76. Ke2 Rc1 77. Kd3 Re1 78. Rh5 Rd1+ 79. Kc4 Re1 80. Rh4 Rb1 81. c6 Rb2 82. Kc5 Rc2+ 83. Kb6 Rb2+ 84. Kc7 Rb4 85. Rh8 Ke7 86. Rh7+ Ke6 87. Rh4 Ke7 88. Kc8 Rc4 89. Rh7+ Kd6 90. c7 Rb4 91. Kd8 Rb7 92. Rh6+ 1-0

[Event "GER-ch Net final U18"]
[Site "Playchess.com INT"]
[Date "2011.05.18"]
[Round "3"]
[White "Carow, Johannes"]
[Black "Pfleger, Juergen"]
[Result "1/2-1/2"]
[WhiteElo "2318"]
[BlackElo "2000"]
[PlyCount "63"]
[EventDate "2011.05.18"]
[EventType "swiss (blitz)"]
[EventRounds "9"]
[EventCountry "GER"]
[SourceTitle "CBM 142 Extra"]
[Source "ChessBase"]
[SourceDate "2011.06.27"]
[SourceVersion "1"]
[SourceVersionDate "2011.06.27"]
[SourceQuality "1"]

1. d4 d5 2. c4 Nc6 3. Nf3 dxc4 4. e3 e5 5. Bxc4 exd4 6. exd4 Bg4 7. Qb3 Qe7+ 8. Be3 Bxf3 9. gxf3 Nxd4 10. Bxf7+ Qxf7 11. Qxf7+ Kxf7 12. Bxd4 Nf6 13. 0-0 Rd8 14. Bxf6 gxf6 15. Nc3 Bd6 16. Ne4 Rhg8+ 17. Kh1 Be5 18. Rac1 c6 19. Rc2 Rg6 20. Ng3 Rd3 21. Re1 Rxf3 22. Kg2 Rd3 23. Kf1 Rh6 24. Ke2 Rd5 25. Rh1 Bxg3 26. fxg3 Re5+ 27. Kf3 Rhh5 28. g4 Rh3+ 29. Kg2 Rhe3 30. Rf1 Re2+ 31. Rf2 Rxf2+ 32. Kxf2 1/2-1/2

[Event "GER-ch Net final U18"]
[Site "Playchess.com INT"]
[Date "2011.05.18"]
[Round "1"]
[White "Neef, Maximilian"]
[Black "Pfleger, Juergen"]
[Result "0-1"]
[WhiteElo "2247"]
[BlackElo "2000"]
[PlyCount "70"]
[EventDate "2011.05.18"]
[EventType "swiss (blitz)"]
[EventRounds "9"]
[EventCountry "GER"]
[SourceTitle "CBM 142 Extra"]
[Source "ChessBase"]
[SourceDate "2011.06.27"]
[SourceVersion "1"]
[SourceVersionDate "2011.06.27"]
[SourceQuality "1"]

1. Nf3 d5 2. d4 Nc6 3. c4 Bg4 4. cxd5 Qxd5 5. Nc3 Qa5 6. e3 0-0-0 7. Qb3 e6 8. Be2 Nf6 9. Bd2 Qb6 10. Qxb6 axb6 11. 0-0 Bb4 12. Rfd1 Rhe8 13. Be1 Nd5 14. Rac1 h6 15. a3 Bxc3 16. bxc3 g5 17. c4 Nf6 18. h3 Bf5 19. c5 bxc5 20. Rxc5 Rd5 21. Rdc1 Rxc5 22. Rxc5 Ne4 23. Rc1 Rd8 24. Bb5 Ne7 25. Ne5 Nd6 26. Be2 f6 27. Ba5 Nd5 28. Nc4 Nxc4 29. Bxc4 Rd7 30. Bb5 c6 31. Be2 Re7 32. Bd2 e5 33. dxe5 Rxe5 34. a4 Kc7 35. Rb1 Bxb1 0-1

[Event "GER-ch Net final U18"]
[Site "Playchess.com INT"]
[Date "2011.05.18"]
[Round "4"]
[White "Pfleger, Juergen"]
[Black "Graf, Felix"]
[Result "1/2-1/2"]
[WhiteElo "2000"]
[BlackElo "2520"]
[PlyCount "67"]
[EventDate "2011.05.18"]
[EventType "swiss (blitz)"]
[EventRounds "9"]
[EventCountry "GER"]
[SourceTitle "CBM 142 Extra"]
[Source "ChessBase"]
[SourceDate "2011.06.27"]
[SourceVersion "1"]
[SourceVersionDate "2011.06.27"]
[SourceQuality "1"]

1. c4 e6 2. Nf3 Nf6 3. d4 Bb4+ 4. Bd2 Qe7 5. a3 Bxd2+ 6. Qxd2 0-0 7. g3 d5 8. Bg2 c6 9. Qc2 b6 10. 0-0 Ba6 11. Nbd2 Nbd7 12. Rfe1 Rfc8 13. Rac1 Bb7 14. Qb3 Rc7 15. e4 dxe4 16. Nxe4 Nxe4 17. Rxe4 Nf6 18. Re2 Rd8 19. Rce1 Qd6 20. Qc3 h6 21. Rd2 Qf8 22. Ne5 Nd7 23. Qc2 Nxe5 24. dxe5 Rcd7 25. Red1 Qe7 26. h3 c5 27. Bxb7 Rxd2 28. Rxd2 Rxd2 29. Qxd2 Qxb7 30. Qd8+ Kh7 31. Qd3+ Kg8 32. Qd8+ Kh7 33. Qd3+ Kg8 34. Qd8+ 1/2-1/2

[Event "GER-ch Net qual2 U18"]
[Site "Playchess.com INT"]
[Date "2011.05.04"]
[Round "4"]
[White "Koch, Marcel"]
[Black "Pfleger, Juergen"]
[Result "0-1"]
[WhiteElo "1564"]
[BlackElo "1830"]
[PlyCount "116"]
[EventDate "2011.05.04"]
[EventType "swiss (blitz)"]
[EventRounds "7"]
[EventCountry "GER"]
[SourceTitle "CBM 142 Extra"]
[Source "ChessBase"]
[SourceDate "2011.06.27"]
[SourceVersion "1"]
[SourceVersionDate "2011.06.27"]
[SourceQuality "1"]

1. d4 d5 2. c4 Nc6 3. Nf3 e6 4. Nc3 Nf6 5. Bg5 Be7 6. e3 0-0 7. Qc2 h6 8. Bh4 b6 9. a3 Bb7 10. Rc1 dxc4 11. Bxc4 Na5 12. Be2 Rc8 13. Nb5 a6 14. Nxc7 Bd6 15. Bg3 Bxg3 16. hxg3 Nd5 17. Qb1 Rxc7 18. b4 Rxc1+ 19. Qxc1 Nc6 20. Qc2 Qd7 21. Ng5 f5 22. Nf3 Rc8 23. Qb3 Nce7 24. Ne5 Qd6 25. Nc4 Qd8 26. Kd2 Qc7 27. Rc1 b5 28. Rc2 bxc4 29. Rxc4 Qd7 30. Bd3 Rxc4 31. Qxc4 Qc6 32. Qxc6 Nxc6 33. Kc2 Ndxb4+ 34. axb4 Nxb4+ 35. Kd2 Nxd3 36. Kxd3 Bxg2 37. Kc3 Kf7 38. Kb4 g5 39. Ka5 Bb7 40. Kb6 Bc8 41. Kc7 a5 42. Kxc8 a4 43. Kd7 a3 44. f4 gxf4 45. exf4 a2 46. d5 exd5 47. g4 fxg4 48. f5 a1Q 49. Kd6 Qf6+ 50. Kxd5 Qxf5+ 51. Kd4 Qe6 52. Kd3 g3 53. Kd2 g2 54. Kd1 g1Q+ 55. Kd2 Qd4+ 56. Kc1 Qec4+ 57. Kb1 Qb6+ 58. Ka1 Qca6# 0-1

[Event "GER-ch Net qual2 U18"]
[Site "Playchess.com INT"]
[Date "2011.05.04"]
[Round "1"]
[White "Pfleger, Juergen"]
[Black "Van der Vegt, Edwin"]
[Result "1-0"]
[WhiteElo "1830"]
[BlackElo "1391"]
[PlyCount "37"]
[EventDate "2011.05.04"]
[EventType "swiss (blitz)"]
[EventRounds "7"]
[EventCountry "GER"]
[SourceTitle "CBM 142 Extra"]
[Source "ChessBase"]
[SourceDate "2011.06.27"]
[SourceVersion "1"]
[SourceVersionDate "2011.06.27"]
[SourceQuality "1"]

1. c4 c5 2. Nf3 Nc6 3. d4 cxd4 4. Nxd4 Nf6 5. g3 e6 6. Bg2 d5 7. 0-0 Bc5 8. Nxc6 bxc6 9. Qc2 0-0 10. cxd5 Qb6 11. dxc6 a6 12. Nc3 Bxf2+ 13. Kh1 Ng4 14. Bf3 Ne3 15. Bxe3 Bxe3 16. Na4 Qd4 17. Rad1 Qb4 18. a3 Qb6 19. Nxb6 1-0